000 00497nam a2200181Ia 4500
005 20250326123552.0
008 250326s9999 xx 000 0 und d
037 _aTextbook
040 _aFMSL
_beng
_cFMSL
041 _aeng
_2eng
084 _aD658(B) L0
_qFMSL
100 _aBrandon D H
_9735502
245 0 _amanagement planning for data processing
_cBrandon D H
260 _aNY
_bNY, Brandon
_c1970
300 _a255p
942 _cTB
_hD658(B) L0
999 _c1269966
_d1269966